Normale Ansicht MARC-Ansicht ISBD

Neumark - mittl. Teil (Titelsatznr. 372108)

[ MARC ]
MARC-Details
000 -Satzkennung
Kontrollfeld mit fester Länge 01967cem a2200553 4500
001 - Kontrollnummer
Kontrollfeld 1755681046
003 - Kontrollnummer Identifier
Kontrollfeld DE-627
005 - Datum und Zeit der letzten Transaktion
Kontrollfeld 20230111124844.0
007 - Feld mit fester Länge zur physischen Beschreibung - Allgemeine Information
Kontrollfeld mit fester Länge au |u|||
008 - Feld mit fester Länge zur physischen Beschreibung - Allgemeine Angaben
Kontrollfeld mit fester Länge 210421s2021 gw |||||| | | ||ger c
015 ## - Nummer der Nationalbibliografie
Nummer der Nationalbibliografie 21,N16
Quelle dnb
016 7# - Kontrollnummer der nationalbibliografischen Agentur
Datensatzkontrollnummer 1231646624
Quelle DE-101
020 ## - Internationale Standardbuchnummer
Internationale Standardbuchnummer 9783982296913
Bezugsbedingungen : EUR 9.95 (DE), EUR 10.30 (AT)
020 ## - Internationale Standardbuchnummer
Internationale Standardbuchnummer 3982296919
024 3# - Anderer Standardidentifier
Standardnummer oder Code 9783982296913
028 52 - Verlegernummer
Verlegernummer NMM
034 1# - Kodierte kartografische mathematische Daten
Kategorie des Maßstabs a
Konstant linearer horizontaler Maßstab 1:100000
035 ## - Systemkontrollnummer
System-Kontrollnummer (DE-627)1755681046
035 ## - Systemkontrollnummer
System-Kontrollnummer (DE-599)DNB1231646624
035 ## - Systemkontrollnummer
System-Kontrollnummer (OCoLC)1257471363
040 ## - Katalogisierungsquelle
Original-Katalogisierungsstelle DE-627
Katalogisierungssprache ger
Übertragungsstelle DE-627
Beschreibungsfestlegungen rda
Bearbeitungsstelle DE-2950
041 ## - Sprachcode
Sprachcode des Textes/der Tonspur oder des separaten Titels ger
-- pol
044 ## - Ländercode der veröffentlichenden/herstellenden Stelle
ISO-Ländercode XA-DE-BE
082 04 - Notation nach der Dewey Decimal Classification
Notation 910
Zuweisende Stelle DE-101
084 ## - Andere Notation
Notation 15.46
Quelle der Nummer bkl
100 1# - Haupteintragung - Personenname
Personenname Bloch, Dirk
Datumsangaben in Verbindung mit einem Namen 1965-
Funktionsbezeichnung KartografIn
IDN des Normdatensatzes oder Standardnummer (DE-588)139457496
-- (DE-627)611261863
-- (DE-576)284353795
Code für Beziehungskennzeichnung ctg
245 10 - Titel
Titel Neumark - mittl. Teil
Zusatz zum Titel Land Sternberg/Warthebruch : Ausflugkarte, Ortsnamenkarte : = Ziemia Lubuska pólnoc
Verfasserangabe etc. Dirk Bloch
246 31 - Titelvarianten
Hauptsachtitel/Kurztitel Ziemia Lubuska pólnoc
246 30 - Titelvarianten
Hauptsachtitel/Kurztitel mittlerer
250 ## - Ausgabebezeichnung
Ausgabebezeichnung 1. Auflage
255 ## - Kartographische mathematische Daten
Maßstabsangabe 1:100 000
Koordinatenangabe E 014 30 00-E 016 01 30"/N 052 48 30-N 052 18 00
264 #1 - Produktion, Veröffentlichung, Distribution, Herstellung und Urheberrechtsvermerk
Herstellungs-, Veröffentlichungs- Vertriebs-, Erzeugungsort Berlin:
Produzent, Herausgeber, Distributor, Hersteller BLOCHPLAN,
Datum der Herstellung, der Veröffentlichung, des Vertriebs oder des Urheberschutzvermerks 2021
300 ## - Physische Beschreibung
Umfang 1 Karte, beidseitig
Andere physische Details farbig
Maße 83 x 58 cm, gefaltet 22 x 13 cm
336 ## - Inhaltstyp
Inhaltstypterm kartografisches Bild
Inhaltstypcode cri
Quelle rdacontent
337 ## - Medientyp
Bezeichnung des Medientyps ohne Hilfsmittel zu benutzen
Medientypcode n
Quelle rdamedia
338 ## - Datenträgertyp
Datenträgertypbezeichnung Blatt
Datenträgertypcode nb
Quelle rdacarrier
490 0# - Gesamttitelangabe
Gesamttitelangabe Neumark-Landkarten
Bandnummer/Folgebezeichnung 2
500 ## - Allgemeine Fußnote
Allgemeine Fußnote 1 Anschlusskarte, 1 Nebenkarte
500 ## - Allgemeine Fußnote
Allgemeine Fußnote Ortsverzeichnis verso
546 ## - Fußnote zur Sprache
Sprache Texte in deutsch und polnisch
653 ## - Indexierungsterm - Nicht normiert
Nicht-normierter Term Brandenburg <Land>
653 ## - Indexierungsterm - Nicht normiert
Nicht-normierter Term Geschichte
655 #7 - Indexierungsterm - Genre/Form
Genre/Form oder fokussierter Term Karte
IDN des Normdatensatzes oder Standardnummer (DE-588)4029783-4
-- (DE-627)104321792
-- (DE-576)208984178
Quelle der Ansetzung oder des Terms gnd-content
655 #7 - Indexierungsterm - Genre/Form
Genre/Form oder fokussierter Term Verzeichnis
IDN des Normdatensatzes oder Standardnummer (DE-588)4188171-0
-- (DE-627)105266639
-- (DE-576)210051078
Quelle der Ansetzung oder des Terms gnd-content
951 ## - EQUIVALENCE OR CROSS-REFERENCE--GEOGRAPHIC NAME/AREA NAME [OBSOLETE] [CAN/MARC only]
Geografischer Name BO
710 2# - Nebeneintragung - Körperschaftsname
Körperschafts- oder Gebietskörperschaftsname als Eintragungselement BLOCHPLAN
Sonstige Informationen Firma
Funktionsbezeichnung Verlag
IDN des Normdatensatzes oder Standardnummer (DE-588)1064120695
-- (DE-627)812967844
-- (DE-576)423699520
Code für Beziehungskennzeichnung pbl
936 bk - OCLC/CONSER MISCELLANEOUS DATA (OCLC); PIECE USED FOR CATALOGING (pre-AACR2) (RLIN)
OCLC control number(s) of parallel record(s) (OCLC); Piece used for cataloging, PUC (RLIN) 15.46
942 ## - Zusätzliche Felder (Koha)
Klassifikation oder Aufstellungssystematik Andere/Generische Klassifikation
Koha-Medientyp Karten
Exemplare
Ausgeschieden Verloren Klassifikation oder Aufstellungssystematik Beschädigt Nicht entleihbar Heimatbibliothek Aufenthaltsbibliothek Aufstellungsort Erwerbungsdatum Lieferant Kodierter Standort-Qualifier Anzahl Ausleihen Signatur Letzte Aktivität Exemplarnummer Preis gültig von Koha-Medientyp
    Andere/Generische Klassifikation     Stadtarchiv Frankfurt (Oder) | Archivbibliothek Stadtarchiv Frankfurt (Oder) | Archivbibliothek Lesesaal 11/01/2023 Hutten L   BbII 15 ; II: 5060 11/01/2023 103/2021 11/01/2023 Karten